Dištančné vzdelávanie

Problematika dištančného vzdelávania. Charakteristika dištančného vzdelávania a jeho špecifík.

Salvato in:
Dettagli Bibliografici
Autore principale: Gajdoš, Jozef, 1962-2025
Natura: Capitolo di libro
Lingua:slovacco
Soggetti:
Tags: Aggiungi Tag
Nessun Tag, puoi essere il primo ad aggiungerne!!

MARC

LEADER 00000naa a2200000 4500
001 0271168
005 20240502074247.8
041 0 |a slo 
044 |a SK 
245 1 0 |a Dištančné vzdelávanie  |c Jozef Gajdoš 
520 |a Problematika dištančného vzdelávania. Charakteristika dištančného vzdelávania a jeho špecifík. 
610 2 0 |a vzdelávanie dištančné 
610 2 0 |a technológie nové 
610 2 0 |a prieskum 
100 1 |a Gajdoš, Jozef, 1962-2025